000 01052nam a2200253Ia 4500
005 20240530105624.0
008 140319s2002 xx 000 0 ara d
020 _a3506249960
040 _aGCL /
_cGCL
082 0 4 _a657.45 /
_bا م
100 1 _aالفين ارينز
245 1 0 _aالمراجعة :
_bمدخل متكامل /
_cتاليف ارينز ؛ الفين ، لوبك ، جيمس ؛ مترجم محمد محمد عبدالقادر الديسطى ؛ مراجع احمد حامد حجاج
250 _aالاولى
260 _aالرياض :
_bدار المريخ،
_c2002
300 _a1064 ص ؛
_c30 سم
650 0 4 _aمراجعة الحسابات
650 0 4 _aالمحاسبة
650 0 4 _aمراجعة الحسابات - قوانين و تشريعات
700 1 _aلوبك ، جيمس
_eمؤلف مشارك
700 1 _aمحمد محمد عبدالقادر الديسطى
_eمترجم
700 1 _aاحمد حامد حجاج
_eمراجع
942 _2ddc
_cBK
999 _c56945
_d56945